1115 1932 1286 1301 1753 1282 1187 1587 1527 1181 1909 1514 1820 1026 1562 1780 1156 1282 1285 1630 1666 1860 1076 1993 1092 1121 1793 1258 1460 1643 1306 1700 1135 1906 1565 1458 1448 1084 1765 1127 1252 1858 1885 1657 1402 1367 1723 1170 1048 1278 1611 1846 1054 1583 1007 1676 1960 1303 1651 1189 1259 1760 1624 1840 1005 1287 1855 1675 1062 1729 1968 1328 1939 1772 1591 1642 1518 1831 1332 1816 1788 1955 1234 1551 1887 1365 1684 1781 1324 1212 1514 1764 1255 1174 1264 1926 1091 1694 1509 BCNSPRNW ULIB Ver.6.0+V

เปลี่ยนเป็นภาษาไทย

Change to English
 แสดงรายละเอียดบรรณานุกรม
  กลับหน้าหลัก

Brief Record : Get Marc (ISO 2709) : E-mail record : QR code < ปิดหน้าต่าง
LEADER : 00000nam 2200000 a 4500
001    13399113706
003     ULIB
008    110829s2554 th a 000 0 tha d
020    ^a9786169017325
050  4 ^aQH308.2^bส171ช ล1
100 1  ^aStarr, Cecie
245 10 ^aชีววิทยา 1 =^bBiology : concepts and applications /^cCecie
246 31 ^aBiology : concepts and applications
250    ^aพิมพ์ครั้งที่ 4
260    ^aกรุงเทพฯ :^bเซนเกจ เลินนิ่ง (ประเทศไทย) จำกัด,^c2554
300    ^a890 หน้า :^bภาพประกอบ ;^c26 ซม.
650  4 ^aชีววิทยา
700 1  ^aพงษ์รัตน์ ดำรงโรจน์วัฒนา
945    ^p650^l0^i030839
949    ^aเกษร
999 ^a ใช้งานได้ทุกระบบ
รายการนี้ยังไม่มีแท็ก
คุณยังไม่ได้ล็อกอิน คุณสามารถมีกิจกรรมร่วมกับเว็บไซต์ได้ แต่ต้องล็อกอินก่อน ::
  ล็อกอิน

รายการสื่อสารสนเทศ

ลำดับที่ ประเภท เลขเรียก/บาร์โค้ด สถานที่ สถานะ
- ไม่พบข้อมูล -

รายการใกล้เคียง
    ผู้แต่ง [Starr, Cecie]

    หัวเรื่อง [ชีววิทยา]

BibComment


ยังไม่เคยถูกคอมเมนท์

คอมเมนท์ทรัพยากรรายการนี้
  คอมเมนท์: ชีววิทยา 1 Biol..


 Copyright 2026. Bcnsprnw @Library